Cardiovascular and endocrine effects of frequent sauna bathing

Podrobná bibliografia
Hlavní autori: Väänänen, A. (Autor), Leppäluoto, J. (Autor)
Médium: Článok
Jazyk:slovenčina
angličtina
Fyzický popis:Tb. 2., lit. 5 zázn. v nem., angl.
Predmet:

MARC

LEADER 00000nab a2200000 a 4500
001 vtls000177109
003 SK-MaSNL
005 20260304071708.0
008 250422c1983 xo 0 slo
015 |a SNBRB19rr/mm-uuuuu 
035 |a CL0187222 
035 |a urn:nbn:sk:snk-ab7fa5 
035 |a (urnnbn)urn:nbn:sk:snk:ar-005d4q 
035 |a (uuid)73a52e13-cc4d-4920-ac98-ae9550348e01 
040 |a SNKBUCL  |b slo  |c SNKBUCL  |e AACR2 
041 0 |a eng 
044 |a xo  |c SK 
080 |a 615.832.1:612.43:612.17  |2 1981 
080 |a 612.43  |2 1981 
080 |a 612.17  |2 1981 
100 1 |a Väänänen, A.  |4 aut  |9 1359080 
245 1 0 |a Cardiovascular and endocrine effects of frequent sauna bathing  |c A. Väänänen, J. Leppäluoto 
300 |b Tb. 2., lit. 5 zázn. v nem., angl. 
650 0 7 |a fínske kúpele  |2 snkbucl  |9 2587 
655 7 |a články z novín a časopisov  |2 snkbucl  |9 267496 
700 1 |a Leppäluoto, J.  |4 aut  |9 1359081 
773 0 |t Rehabilitácia  |g Roč. 16, Suplementum 26-27 (1983), s. 58-62 
850 |a Slovenská národná knižnica 
852 |a Slovenská národná knižnica 
954 |a odborná, vedecká literatúra cudzojazyčná (svetová)  |2 lita 
958 |a article7 
958 |a RK 
958 |a MI 
958 |a NB 
958 |a OND 
958 |a EUIPO 
992 |a RBX 
999 |c 2761613  |d 2763543